Quizzes
Events
Quiz Creation
Community
Videos
Private Events
Remove Ads
Sign In
Join for FREE
Feedback
Dark Mode
Quiz Categories
Sports
Geography
Music
Movies
Television
Just For Fun
Miscellaneous
History
Literature
Language
Science
Gaming
Entertainment
Religion
Holiday
For Kids
Quiz Lab
Recent
Popular Today
Quiz Kudos Today
Editor Picks
Curator Picks
Quizzes by...
Day
Popularity
Type
Ratings
Length
Year
Community
Subscriptions
Recent Discussions
Orange Saloon
Badges
Playlists
Quests
Create
Leaderboards
Showdown
Live 5
Trivia Bingo
Activity
Puzzle Library
Sporcle Events
Private Events
Virtual Trivia
Globe League
Become a Host
Pub Owners
SporcleCon
Opinionation
Our Games
Videos
Blog
Mobile Apps
Partnerships
Remove Ads and Go Orange
Feedback
Geography
Country
Landmarks
City
State
Population
World
Capital
Continent
Flags
Europe
Africa
Asia
South America
North America
Oceania
Border
Canada
United Kingdom
Topography
United States
Geography
Country
Landmarks
City
State
Population
World
Capital
Continent
Flags
Europe
Africa
Asia
South America
North America
Oceania
Border
Canada
United Kingdom
Topography
United States
Random Quiz
Search Sporcle
×
Quiz Lab
Quiz Lab
Geography
Country
Type in answers that appear in a list
Type in answers that appear in a list
Classic
Best Score? Go Orange.
Country Quiz: Somalia Stats
Can you name the facts about Somalia?
By
Patency
10m
31 Questions
1,114 Plays
1,114 Plays
1,114 Plays
Comments
Comments
Give Quiz Kudos
Give Quiz Kudos
-
- Ratings
hide this ad
Replay
Link that replays current quiz
Next Quiz
Link to next quiz in quiz playlist
You Got
0%
They Got
Avg Score
51%
Avg Friend Score
Upgrade to see
Score Distribution
Jump to the score distribution portion of the page
Score
0/31
Timer
10:00
0
Plays Today
Hint
Answer
% Correct
Internet TLD
.so
94.9%
Official Language
Somali
92.2%
Demonym
Somali
92.2%
Bordering Country
Ethiopia
84.1%
Flag Color
White
81.7%
Flag Color
Blue
81.7%
Largest Religion
Islam
80.4%
Bordering Ocean
Indian Ocean
80%
Lowest Point (0 m)
Indian Ocean
80%
Bordering Country
Kenya
79.9%
Largest City
Mogadishu
78.5%
Bordering Country
Djibouti
76.4%
Drives on the...
Right
72.8%
Official Name
Somalia
67.6%
# of administrative divisions
18
67.2%
Age of Suffrage
18
67.2%
Hint
Answer
% Correct
Official Language
Arabic
64.6%
Independence from (2 countries)
United Kingdom and Italy
46%
Currency
Somali shilling
37.3%
Recognized Legal System
Shari'a law
34.6%
Recognized Legal System
Civil law
33.2%
Current War (1991-
present)
Somali Civil War
22.8%
Date of Independence (Declared)
July 1st, 1960
17.4%
Calling Code
+252
17.4%
Former Government Type (1969-
1991)
Socialist
12.8%
President
Sharif Ahmed
9.1%
Government Type
Transitional federal government
8.5%
Former Name (1969-
1991)
Somali Democratic Republic
7.6%
Recognized Legal System
Xeer law
7.6%
Highest Point (2,416 m)
Shimbiris
6.5%
Prime Minister
Omar Abdirashid Ali Sharmarke
4.9%
Quiz Playlist
Details
Report
Send in Message
Add To Playlist
Classic:
Type in answers that appear in a list
Quiz Source
Last Updated: Feb 16, 2017
Quiz Scoreboard
CHALLENGE
Sign Up to Join the Scoreboard
Show All
Scores
Hide
Comments
May contain spoilers
Recently Published
9x9 Crossword: Cartoon Network
by jackfrog10
Miscellaneous
3m
College Basketball Coaching Resumes
by pancakes188
Sports
9m
Billboard Blitz: Fleetwood Mac
by CooCooCachoo
Music
15s
More to Explore
Quiz From the Vault
Featured Blog Post
Where Did the Easter Bunny Come From?
hide this ad
You Might Also Like...
Tags
Country Quiz
somalia
Today's Top Quizzes in Geography
Browse Geography
hide this ad
Today's Top Quizzes in Country
Browse Country
Top Contributed Quizzes in Geography
1
Countries of the World - No Outlines Minefield
2
Top 25 Cities of France on a map
3
Any capital of a 'B' country per Continent
4
Any capital of a 'C' country per Continent
5
Closest Countries to UK A-Z
6
Any capital of a 'D' country per Continent
7
5-to-1: US Geography No Hints
8
Any capital of an 'E' country per Continent
9
Find the US States - No Outlines
10
Any capital of an 'F' country per Continent
Explore More
Trending Topics
NBA
Anime
Marvel
Disney
Kpop
Crossword
Harry Potter
Puzzle
Country
Soccer
The Office
Song
Pokémon
NFL
WWE
hide this ad
More By:
Patency
Quiz
Plays
Rating
Category
Featured
Created
The Indonesia Quiz
45,072
4.72
Geography
May 19, 2010
Country Quiz: Somalia
1,114
4.43
Geography
May 20, 2010
Republican States
1,102
3.57
Geography
Apr 28, 2010
Hubs of Largest Airlines
824
2.75
Geography
Jan 17, 2014
NBA 'D' players 2014 (Slideshow)
491
5.00
Sports
Jan 13, 2014
Go to Creator's Profile
Score Distribution
Quiz Creator Spotlight
Patency
Follow
Send a Message
Quizzes Created
-
Created Quiz Play Count
-
More By This Creator
Popular Quizzes Today
1
Find the US States - No Outlines Minefield
2
Find the Countries of Europe - No Outlines Minefield
3
The Countries of the World
4
Find the US States
5
Risky Map Clicking: Biggest States A-Z
6
US States
7
Popular People in 1961
8
Movies - When Are They Set?
More Geography Quizzes
Fill in the Cook County, IL Map
Quiz Lab
Trending Quizzes
Risky Map Clicking: Least Populous States A-Z
1-10 Letter G Words
1-10 Letter F Words
Risky Map Clicking: Next State Alphabetically
Adjectives in 80s TV Shows
Recently Updated
Leaping Animals
pecheneg
Reality TV Shows (A-Z)
bhenderson79
Rickey Henderson's Hall of Fame Teammates
pecheneg
Champions League XIs: Arsenal
pecheneg
Quick Pick: Celebrities in WWE's Hall of Fame
aduchscher
A-Z Keypad Blitz II
pecheneg
Multiple Oscar Actors
pecheneg
Mystery Phrase Blitz: Oscar 'Best Actors'
pecheneg
F. Scott Fitzgerald Novels
LTH
Pick 3 Villains
ddd62291
Trending Topics
Harry Potter
Crossword
Disney
Kpop
NBA
Marvel
Anime
WWE
Pokémon
Puzzle
The Office
Soccer
Country
Song
NFL
Your Account Isn't Verified!
In order to create a playlist on Sporcle, you need to verify the email address you used during registration. Go to your
Sporcle Settings
to finish the process.
Report this User
Report this user for behavior that violates our
Community Guidelines
.
Details:
Send Report
Go to the Sporcle.com Mobile Site →
Comments